000 00851nam a2200157 a 4500
008 091204s1974 ||||||||||||||||| || u
050 _aUNCTAD(02)
110 _aUnited Nations Conference on Trade and Development (UNCTAD)
245 1 3 _aAn integrated programme for commodities : the role of international commodity stocks
_cby United Nations Conference on Trade and Development (UNCTAD)
260 _aGeneva:
_bUNITED NATIONS
_c1974
350 _a0.00
650 _aPRODUCE TRADE
650 _aCOMMODITY FUTURES
995 _aSPECIAL COLLECTIONS
_D0.00
_e03004974
_FCBU-MAIN LIBRARY (Kitwe)
_H1
_I0.00
_jUNCTAD(02)1974/ 1A
_M1
_UAVAILABLE
_WDec 4, 2009
_y03004974
_ZInternational Publications
995 _aSPECIAL COLLECTIONS
_D0.00
_e03004975
_FCBU-MAIN LIBRARY (Kitwe)
_H1
_I0.00
_jUNCTAD(02)1974/ 1B
_M2
_UAVAILABLE
_WDec 4, 2009
_y03004975
_ZInternational Publications
999 _c77464
_d77464